History Quiz

Random History or Clickable Quiz

Country by Government Type Quiz Stats

 Plays Quiz not verified by Sporcle

Score 0/10 Timer 04:00
1 Play Today
% Correct
United States
79.1%
North Korea
66%
Norway
62.3%
Brunei
57.6%
Iran
55.9%
Vatican City
47.3%
Russia
46.9%
Switzerland
40.2%
Malaysia
30%
Indonesia
20.6%

You're not logged in!

Compare scores with friends on all Sporcle quizzes.
OR
Log In

Show Comments

Extras

Top Quizzes Today


Score Distribution

Your Account Isn't Verified!

In order to create a playlist on Sporcle, you need to verify the email address you used during registration. Go to your Sporcle Settings to finish the process.

Report this User

Report this user for behavior that violates our Community Guidelines.

Details: